Normal view
MARC view
Entry Personal Name
001 - CONTROL NUMBER
- control field: 34080
003 - CONTROL NUMBER IDENTIFIER
- control field: ARRUPE
005 - DATE AND TIME OF LATEST TRANSACTION
- control field: 20170801091302.0
008 - FIXED-LENGTH DATA ELEMENTS
- fixed length control field: 170801|| aca||aabn | a|a d
040 ## - CATALOGING SOURCE
- Original cataloging agency: ARRUPE
- Transcribing agency: ARRUPE
100 ## - HEADING--PERSONAL NAME
- Personal name: O'Connor, John ed.
670 ## - SOURCE DATA FOUND
- Source citation: Work cat.: (ARRUPE)60443: O'Connor, John ed., Modern materialism, 1969